000 00524nam a2200181Ia 4500
008 090123s9999 xx 000 0 und d
082 _b14357
100 _aखांडेकर वि.स.
245 _aमध्यरात्र
250 _a3
260 _bअनुपम प्रकाशन
300 _a70
600 _aखांडेकर वि.स.
630 _aमध्यरात्र
700 _aखांडेकर वि.स.
730 _aमध्यरात्र
942 _cBOOK
999 _c52418
_d52418